One Border Countries - Statistics

General Stats
  • This quiz has been taken 97 times
  • The average score is 11 of 15
Answer Stats
Answer % Correct
Lesotho
90%
South Korea
86%
San Marino
84%
Haiti
82%
Ireland
80%
Dominican Republic
78%
Vatican City
78%
Portugal
77%
Brunei
75%
East Timor
71%
Qatar
66%
Papua New Guinea
65%
Gambia
63%
Monaco
62%
Bahrain
47%
No matching quizzes found
Score Distribution
Percent of People with Each Score
Percentile by Number Answered
Your Score History
You have not taken this quiz